[Event "II Aberto do Brasil de Maringa id. fide 69253 id. 
[Site "Maringa - Parana - Brasil"]
[Date "2012.08.11"]
[Round "6"]
[Board "34"]
[White "CEZAR JUNIOR, William Carlos"]
[Black "VIEIRA, Larissa Moretti"]
[Result "1-0"]
[WhiteElo "1973"]
[BlackElo "1771"]
[PlyCount "71"]
[EventDate "2012.08.08"]
[EventRounds "9"]
[EventCountry "BRA"]

1. c4 e5 2. Nc3 Nc6 3. Nf3 f5 4. d3 Nf6 5. g3 Bc5 6. Bg2 O-O 7. O-O d6 8. a3 a5
9. Rb1 Qe8 10. e3 Qh5 11. d4 Bb6 12. dxe5 dxe5 13. b4 axb4 14. axb4 f4 15. c5
fxg3 16. cxb6 Ng4 17. fxg3 Rxf3 18. Rxf3 Qxh2+ 19. Kf1 Be6 20. bxc7 Bc4+ 21.
Ne2 e4 22. Rf4 Qxg3 23. Qd5+ Bxd5 24. Nxg3 Nf6 25. Rxf6 gxf6 26. Nxe4 Bc4+ 27.
Kf2 f5 28. Nd6 Be6 29. b5 Ne5 30. Bxb7 Ra2+ 31. Bb2 Nd3+ 32. Kg3 Nxb2 33. Bd5
f4+ 34. exf4 Ra3+ 35. Kh2 Rh3+ 36. Kg2 1-0

[Event "II Aberto do Brasil de Maringa id. fide 69253 id. 
[Site "Maringa - Parana - Brasil"]
[Date "2012.08.11"]
[Round "6"]
[Board "35"]
[White "AGUIAR, Djalma"]
[Black "CARDOSO, Matheus Santos"]
[Result "1/2-1/2"]
[WhiteElo "1964"]
[BlackElo "1767"]
[PlyCount "45"]
[EventDate "2012.08.08"]
[EventRounds "9"]
[EventCountry "BRA"]

1. e4 c5 2. Nf3 d6 3. d4 cxd4 4. Nxd4 Nf6 5. Nc3 g6 6. Be3 Bg7 7. f3 O-O 8. Qd2
Nc6 9. g4 Nxd4 10. Bxd4 Be6 11. O-O-O Qa5 12. a3 Rfc8 13. h4 h5 14. gxh5 Nxh5
15. Bxg7 Kxg7 16. Bh3 Bxh3 17. Rxh3 Rc4 18. Rg1 Rac8 19. f4 Rxc3 20. Rxc3 Rxc3
21. Rg5 Rxc2+ 22. Kxc2 Qa4+ 23. Kd3 1/2-1/2

[Event "II Aberto do Brasil de Maringa id. fide 69253 id. 
[Site "Maringa - Parana - Brasil"]
[Date "2012.08.11"]
[Round "6"]
[Board "36"]
[White "MARINO, Felipe Gabriel"]
[Black "BASTOS, Guilherme Exterhotter"]
[Result "1-0"]
[WhiteElo "1611"]
[BlackElo "1958"]
[PlyCount "55"]
[EventDate "2012.08.08"]
[EventRounds "9"]
[EventCountry "BRA"]

1. e4 Nf6 2. Nc3 d5 3. e5 Ne4 4. Nxe4 dxe4 5. d4 Bf5 6. Ne2 e6 7. Ng3 c5 8. d5
Nd7 9. Nxf5 exf5 10. e6 fxe6 11. dxe6 Ne5 12. Bb5+ Nc6 13. O-O Bd6 14. c3 Qc7
15. h4 O-O-O 16. Qa4 h6 17. b4 g5 18. Bxc6 bxc6 19. bxc5 Bxc5 20. Qa6+ Kb8 21.
Rb1+ Ka8 22. Be3 Bxe3 23. fxe3 Rd5 24. Rf2 Rb8 25. Rxb8+ Kxb8 26. Rb2+ Ka8 27.
e7 Re5 28. Qc4 1-0

[Event "II Aberto do Brasil de Maringa id. fide 69253 id. 
[Site "Maringa - Parana - Brasil"]
[Date "2012.08.11"]
[Round "6"]
[Board "37"]
[White "DIAS, Matheus Nunes"]
[Black "TAVARES, Imyra Cecilia"]
[Result "0-1"]
[WhiteElo "1567"]
[BlackElo "1929"]
[PlyCount "124"]
[EventDate "2012.08.08"]
[EventRounds "9"]
[EventCountry "BRA"]

1. d4 g6 2. c4 Bg7 3. Nc3 c5 4. Nf3 cxd4 5. Nxd4 Nf6 6. e3 d6 7. Bd3 O-O 8. O-O
Nbd7 9. Bc2 a6 10. Ne4 Qc7 11. Nxf6+ Nxf6 12. Bd3 Ng4 13. f3 Ne5 14. Qe2 Nxd3
15. Qxd3 Bd7 16. Rb1 Qa5 17. Nb3 Qh5 18. Nd4 Rac8 19. b3 d5 20. Ne2 Bc6 21. Nf4
dxc4 22. bxc4 Qa5 23. a3 Rfd8 24. Qb3 Rd7 25. Bb2 Bxb2 26. Rxb2 Rcd8 27. e4 e6
28. Qb4 Qg5 29. Nh3 Qe3+ 30. Nf2 Rd1 31. Rb1 Rxf1+ 32. Rxf1 Rd2 33. Qe7 Qd4 34.
Qb4 Rc2 35. Qb3 Rxc4 36. Rd1 Qc3 37. Qxc3 Rxc3 38. Ra1 Ba4 39. Ng4 Kg7 40. Rb1
b5 41. Ra1 a5 42. Kf2 Bb3 43. e5 Rc2+ 44. Kg3 h5 45. Nf6 Ra2 46. Rc1 Bc4 47.
Rd1 Rxa3 48. Rd8 b4 49. Rg8+ Kh6 50. h4 Re3 51. Kf4 Re2 52. Rf8 Rxg2 53. Rxf7
g5+ 54. hxg5+ Rxg5 55. Rh7+ Kg6 56. Rh8 Rf5+ 57. Ke4 a4 58. Rc8 a3 59. Rxc4 a2
60. Rc1 b3 61. Rg1+ Kf7 62. Kd3 b2 0-1

[Event "II Aberto do Brasil de Maringa id. fide 69253 id. 
[Site "Maringa - Parana - Brasil"]
[Date "2012.08.11"]
[Round "6"]
[Board "38"]
[White "ARAUJO, Renan Aparecido"]
[Black "DE OLIVEIRA, Francemir Barra"]
[Result "0-1"]
[WhiteElo "1923"]
[BlackElo "1739"]
[PlyCount "67"]
[EventDate "2012.08.08"]
[EventRounds "9"]
[EventCountry "BRA"]

1. e4 e5 2. Nf3 Nc6 3. d4 exd4 4. Bc4 Be7 5. O-O d6 6. Nxd4 Ne5 7. Bb3 Bd7 8.
f4 Ng4 9. h3 N4h6 10. Nc3 Rc8 11. Be3 a6 12. e5 c5 13. e6 fxe6 14. Nxe6 Bxe6
15. Bxe6 Nf7 16. Bxc8 Qxc8 17. Nd5 Nf6 18. Nxe7 Kxe7 19. c4 Rd8 20. Qb3 Kf8 21.
Rae1 Qd7 22. Bd2 b6 23. Bc3 Nh6 24. Re2 Nf5 25. Rfe1 Re8 26. Rxe8+ Nxe8 27. a4
Nf6 28. Qc2 Nd4 29. Bxd4 cxd4 30. b4 Qb7 31. c5 Qc7 32. Rc1 bxc5 33. bxc5 d5
34. Rb1 {Ilegivel. Finalizada no lance 60.} 0-1

[Event "II Aberto do Brasil de Maringa id. fide 69253 id. 
[Site "Maringa - Parana - Brasil"]
[Date "2012.08.11"]
[Round "6"]
[Board "39"]
[White "HILLE, Waltercler"]
[Black "BIDIGARAY, Marcio"]
[Result "1-0"]
[WhiteElo "1906"]
[BlackElo "1722"]
[PlyCount "108"]
[EventDate "2012.08.08"]
[EventRounds "9"]
[EventCountry "BRA"]

1. d4 Nf6 2. c4 g6 3. Nc3 Bg7 4. e4 d6 5. h3 O-O 6. g3 e5 7. Nf3 Nbd7 8. Bg2
Re8 9. O-O b6 10. Be3 Bb7 11. Qc2 Rb8 12. b4 a6 13. Rad1 Qe7 14. Nd5 Qd8 15.
dxe5 Nxd5 16. cxd5 Nxe5 17. Nd4 Nd7 18. Nc6 Bxc6 19. Qxc6 Ne5 20. Qa4 Ra8 21.
Qc2 Rc8 22. f4 Nd7 23. Qd3 b5 24. Rc1 Nb6 25. Bxb6 cxb6 26. Rc6 Rxc6 27. dxc6
Qc8 28. Qd5 Qe6 29. Rd1 Qxd5 30. Rxd5 Rc8 31. Rxd6 Bf8 32. e5 Rc7 33. Bd5 Kg7
34. g4 h6 35. h4 Be7 36. Kg2 Kf8 37. Kg3 a5 38. h5 Kg7 39. hxg6 fxg6 40. f5
gxf5 41. gxf5 Kf8 42. f6 h5 43. fxe7+ Kxe7 44. Rh6 h4+ 45. Kxh4 a4 46. Rh7+ Kd8
47. Rxc7 Kxc7 48. Kg5 a3 49. Kf6 Kd8 50. Kf7 Kc7 51. Ke7 Kb8 52. Kd8 Ka7 53. c7
Ka6 54. c8=Q+ Ka7 1-0

[Event "II Aberto do Brasil de Maringa id. fide 69253 id. 
[Site "Maringa - Parana - Brasil"]
[Date "2012.08.11"]
[Round "6"]
[Board "40"]
[White "DOTORIVO DE SOUSA, Eduardo"]
[Black "REIS, Nicolas Rodrigues Dos"]
[Result "1-0"]
[WhiteElo "1940"]
[BlackElo "1897"]
[PlyCount "48"]
[EventDate "2012.08.08"]
[EventRounds "9"]
[EventCountry "BRA"]

1. d4 Nf6 2. Nf3 d5 3. c4 c6 4. cxd5 cxd5 5. Nc3 Nc6 6. Bf4 e6 7. h3 Bd6 8.
Bxd6 Qxd6 9. e3 O-O 10. Bd3 Bd7 11. O-O Rfe8 12. Rc1 a6 13. Na4 e5 14. dxe5
Nxe5 15. Nxe5 Rxe5 16. Nc5 Bc6 17. Nb3 Rae8 18. Nd4 Bd7 19. Qf3 Ne4 20. Bxe4
dxe4 21. Qg3 Qh6 22. Rc7 Bxh3 23. Qxh3 Rh5 24. Rc8 Kf8 1-0

[Event "II Aberto do Brasil de Maringa id. fide 69253 id. 
[Site "Maringa - Parana - Brasil"]
[Date "2012.08.11"]
[Round "7"]
[Board "3"]
[White "MATSUURA, Everaldo"]
[Black "UMETSUBO, Cesar Hidemitsu"]
[Result "1/2-1/2"]
[WhiteElo "2487"]
[BlackElo "2236"]
[PlyCount "82"]
[EventDate "2012.08.08"]
[EventRounds "9"]
[EventCountry "BRA"]

1. d4 Nf6 2. c4 e6 3. g3 d5 4. Bg2 c5 5. cxd5 exd5 6. Nf3 Nc6 7. O-O Be7 8. Nc3
O-O 9. dxc5 Bxc5 10. Bg5 d4 11. Bxf6 Qxf6 12. Nd5 Qd8 13. Nd2 a6 14. Rc1 Ba7
15. a3 Bg4 16. Nf4 Rc8 17. Nd3 Re8 18. Bf3 Qd7 19. Ne4 Bxf3 20. exf3 h6 21. Qd2
b6 22. Qd1 Na5 23. Rxc8 Rxc8 24. f4 Bb8 25. Nd2 Nb7 26. Re1 Bd6 27. Nf3 Nc5 28.
Nb4 Ne6 29. f5 Ng5 30. Nxg5 Bxb4 31. axb4 hxg5 32. Qd3 b5 33. Re4 Rd8 34. h4
gxh4 $11 35. Rxh4 Qd6 36. Kh2 Qe5 37. Re4 Qf6 38. Rf4 Rd5 39. Qe4 Rd8 40. Qd3
Rd5 41. Qe4 Rd8 1/2-1/2

[Event "II Aberto do Brasil de Maringa id. fide 69253 id. 
[Site "Maringa - Parana - Brasil"]
[Date "2012.08.11"]
[Round "7"]
[Board "4"]
[White "TSUBOI, Edson Kenji"]
[Black "UTIYAMA, Marcel Heimar Ribeiro"]
[Result "1/2-1/2"]
[WhiteElo "2308"]
[BlackElo "2126"]
[PlyCount "116"]
[EventDate "2012.08.08"]
[EventRounds "9"]
[EventCountry "BRA"]

1. c4 Nf6 2. g3 g6 3. Bg2 d5 4. cxd5 Nxd5 5. Nc3 Nxc3 6. bxc3 Bg7 7. Nf3 O-O 8.
O-O c5 9. Qa4 Bd7 10. Qc4 Qa5 11. Rb1 Bc6 12. Ng5 Bxg2 13. Kxg2 Qc7 14. d3 b6
15. Qh4 h6 16. Nf3 g5 17. Qe4 Nd7 18. c4 Nf6 19. Qe3 Ng4 20. Qd2 Qc6 21. Kg1
Rad8 22. h4 f6 23. Bb2 Rd7 24. Rfd1 e5 25. Qc2 Re8 26. hxg5 hxg5 27. e4 Kf7 28.
Kg2 Qd6 29. Qe2 Nh6 30. Ne1 Rh8 31. g4 Ng8 32. Nc2 Ne7 33. Ne3 Ng6 34. Nd5 Qc6
35. Bc1 Rh4 36. f3 Rd8 37. Be3 Qd7 38. Rh1 Rdh8 39. Rxh4 Nxh4+ 40. Kg3 Bf8 41.
Rh1 Bd6 42. Rh2 Kg6 43. Qd2 Be7 44. Qb2 Bd8 45. Qb5 Qd6 46. Qa6 Qd7 47. Bd2 Rh7
48. Bc1 Nxf3 49. Rxh7 Qxh7 50. Kxf3 Qh1+ 51. Ke2 Qxc1 52. Ne3 Qb2+ 53. Kd1 Qb1+
54. Kd2 Qg1 55. Ke2 Qh2+ 56. Kf3 Qh1+ 57. Kf2 Qh4+ 58. Ke2 Qh2+ 1/2-1/2

[Event "II Aberto do Brasil de Maringa id. fide 69253 id. 
[Site "Maringa - Parana - Brasil"]
[Date "2012.08.11"]
[Round "7"]
[Board "5"]
[White "PROUDIAN, Armen"]
[Black "CAVALCANTI, Francisco De Assis"]
[Result "1-0"]
[WhiteElo "2223"]
[BlackElo "2290"]
[PlyCount "115"]
[EventDate "2012.08.08"]
[EventRounds "9"]
[EventCountry "BRA"]

1. e4 c5 2. Nf3 Nc6 3. d4 cxd4 4. Nxd4 e5 5. Nb5 a6 6. Nd6+ Bxd6 7. Qxd6 Qf6 8.
Qxf6 Nxf6 9. Nc3 d5 10. exd5 Nb4 11. Bd3 Nfxd5 12. Nxd5 Nxd5 13. Bd2 O-O 14. c4
Nf6 15. O-O-O Be6 16. b3 Rac8 17. Kb2 Bg4 18. Rde1 Rcd8 19. Kc3 Rd7 20. Bg5 h6
21. Be3 Rc8 22. Bc1 Nd5+ 23. Kb2 Nb4 24. Bb1 Nc6 25. f3 Be6 26. Rd1 Rcd8 27.
Rxd7 Rxd7 28. a3 Kf8 29. Be3 Ke7 30. Re1 f5 31. Re2 f4 32. Bc5+ Kf6 33. Kc3 Nd4
34. Rd2 Nf5 35. Rxd7 Bxd7 36. Bf2 g5 37. Be4 Nd6 38. Bc2 Bc6 39. c5 Nb5+ 40.
Kb4 g4 41. Bd1 a5+ 42. Kxa5 Nc3 43. Bc2 gxf3 44. gxf3 Bxf3 45. Kb4 Nd5+ 46. Kc4
Ne3+ 47. Bxe3 fxe3 48. Kc3 Ke6 49. b4 Kd5 50. Bb3+ Kc6 51. Bc4 Be4 52. Be2 b6
53. cxb6 Kxb6 54. a4 Bf5 55. Kc4 Be4 56. a5+ Ka6 57. Kc5+ Ka7 58. Kd6 1-0

[Event "II Aberto do Brasil de Maringa id. fide 69253 id. 
[Site "Maringa - Parana - Brasil"]
[Date "2012.08.11"]
[Round "7"]
[Board "6"]
[White "DELGADO, Lidio Dias"]
[Black "NAME, Gabriel Ricardo Salim"]
[Result "1/2-1/2"]
[WhiteElo "2285"]
[BlackElo "2160"]
[PlyCount "33"]
[EventDate "2012.08.08"]
[EventRounds "9"]
[EventCountry "BRA"]

1. e4 e5 2. Nf3 Nf6 3. Nxe5 d6 4. Nf3 Nxe4 5. Nc3 Nxc3 6. dxc3 Nc6 7. Be3 Bg4
8. h3 Bh5 9. Qd5 Bxf3 10. Qxf3 a6 11. Qg3 g6 12. h4 h5 13. Bf4 Be7 14. O-O-O
Qd7 15. Bd3 O-O-O 16. Be4 Rde8 17. f3 {Ilegivel. Finalizada no lance 25.}
1/2-1/2

[Event "II Aberto do Brasil de Maringa id. fide 69253 id. 
[Site "Maringa - Parana - Brasil"]
[Date "2012.08.11"]
[Round "7"]
[Board "7"]
[White "GONZALEZ, Bolivar Ribeiro"]
[Black "GONCALVES, Jorge Roberto"]
[Result "1-0"]
[WhiteElo "2257"]
[BlackElo "2057"]
[PlyCount "91"]
[EventDate "2012.08.08"]
[EventRounds "9"]
[EventCountry "BRA"]

1. e4 c5 2. Nf3 d6 3. d4 cxd4 4. Nxd4 Nf6 5. Nc3 a6 6. Bg5 e6 7. f4 Nc6 8. Nb3
Be7 9. Qf3 Qc7 10. O-O-O Bd7 11. g4 Rc8 12. Kb1 b5 13. Bd3 h6 14. Bxf6 Bxf6 15.
Ne2 Qb6 16. h4 a5 17. g5 Be7 18. c3 b4 19. c4 a4 20. Nd2 Rb8 21. Qg3 h5 22. Qg1
g6 23. Qxb6 Rxb6 24. Nf3 O-O 25. Ng3 Rc8 26. Nf1 Na5 27. Ne3 Bf8 28. f5 exf5
29. exf5 Bc6 30. Rhf1 Re8 31. Rde1 Kh7 32. f6 Rbb8 33. Nd5 Bxd5 34. cxd5 Rec8
35. Rc1 Rc5 36. Rxc5 dxc5 37. Ne5 Kg8 38. Nc6 Nxc6 39. dxc6 Bd6 40. Rd1 b3 41.
axb3 Be5 42. Bc4 Bd4 43. Rxd4 cxd4 44. Ba6 a3 45. c7 a2+ 46. Kxa2 1-0

[Event "II Aberto do Brasil de Maringa id. fide 69253 id. 
[Site "Maringa - Parana - Brasil"]
[Date "2012.08.11"]
[Round "7"]
[Board "8"]
[White "MARQUES, Joao Paulo Cassemiro"]
[Black "MENNA BARRETO, Felipe Kubiaki"]
[Result "1/2-1/2"]
[WhiteElo "2205"]
[BlackElo "2247"]
[PlyCount "85"]
[EventDate "2012.08.08"]
[EventRounds "9"]
[EventCountry "BRA"]

1. e4 e6 2. d4 d5 3. exd5 Qxd5 4. Nf3 Nf6 5. c4 Qd8 6. g3 c5 7. Nc3 cxd4 8.
Nxd4 Nc6 9. Nxc6 Qxd1+ 10. Kxd1 bxc6 11. Bg2 Bb7 12. Kc2 O-O-O 13. Na4 c5 14.
Bxb7+ Kxb7 15. Be3 $11 Kc6 16. a3 Ng4 17. Nc3 a5 18. Bd2 Ne5 19. b3 Nf3 20. Be3
Be7 21. Rad1 f5 22. h4 Bf6 23. Ne2 Rb8 24. Rb1 e5 25. Rhd1 Rhd8 26. Rxd8 Rxd8
27. b4 axb4 28. axb4 Nd4+ 29. Nxd4+ cxd4 30. Bd2 e4 31. Bf4 d3+ 32. Kd2 Ra8 33.
b5+ Kb7 34. c5 Bd4 35. Be3 Ra2+ 36. Kd1 Bxe3 37. fxe3 Rg2 38. Rb4 Rc2 39. c6+
Kb6 40. h5 Rg2 41. Rc4 Rg1+ 42. Kd2 Rg2+ 43. Kd1 1/2-1/2

[Event "II Aberto do Brasil de Maringa id. fide 69253 id. 
[Site "Maringa - Parana - Brasil"]
[Date "2012.08.11"]
[Round "7"]
[Board "9"]
[White "CALCADO, Acyr Rogerio"]
[Black "MOLINA, Roberto Junio Brito"]
[Result "1/2-1/2"]
[WhiteElo "2165"]
[BlackElo "2423"]
[PlyCount "111"]
[EventDate "2012.08.08"]
[EventRounds "9"]
[EventCountry "BRA"]

1. e4 c6 2. d4 d5 3. exd5 cxd5 4. c4 Nf6 5. Nc3 e6 6. Nf3 Be7 7. cxd5 Nxd5 8.
Bd3 Nc6 9. O-O O-O 10. Re1 Nf6 11. a3 b6 12. Bc2 Ba6 13. Bg5 Rc8 14. Qd2 Nd5
15. Bxe7 Ncxe7 16. Re4 Nf6 17. Re5 Bb7 18. Rd1 Bxf3 19. gxf3 Ng6 20. Bxg6 hxg6
21. d5 Nxd5 22. Nxd5 exd5 23. Rxd5 Qf6 24. Kg2 Rfe8 25. Rd6 Qf5 26. Rd5 Qc2 27.
Rd7 Re2 28. Rd8+ Kh7 29. Qd4 Rc4 30. Rd2 Rxd4 31. Rxc2 Rxf2+ 32. Kxf2 Rxd8 33.
Rc7 Rd2+ 34. Kg3 a5 35. b4 axb4 36. axb4 Rd4 37. Rxf7 Rxb4 38. h4 Rb1 39. Rf8
b5 40. Rb8 b4 41. Kg2 Rb2+ 42. Kg3 b3 43. Kf4 Rb1 44. Kg3 b2 45. Kg2 g5 46.
hxg5 Kg6 47. Rb5 Kh5 48. Kh2 Rf1 49. Rxb2 Rxf3 50. Rg2 Rf4 51. g6 Rh4+ 52. Kg1
Rg4 53. Rxg4 Kxg4 54. Kg2 Kg5 55. Kg3 Kf6 56. Kf4 1/2-1/2

[Event "II Aberto do Brasil de Maringa id. fide 69253 id. 
[Site "Maringa - Parana - Brasil"]
[Date "2012.08.11"]
[Round "7"]
[Board "10"]
[White "STAMENKOVIC, Dragan"]
[Black "GONCALVES, Ivan Mesquita V"]
[Result "1-0"]
[WhiteElo "2383"]
[BlackElo "2116"]
[PlyCount "73"]
[EventDate "2012.08.08"]
[EventRounds "9"]
[EventCountry "BRA"]

1. d4 d5 2. c4 e6 3. Nc3 Nf6 4. cxd5 exd5 5. Bg5 c6 6. e3 Be7 7. Bd3 O-O 8. Qc2
h6 9. Bh4 Re8 10. Nge2 a5 11. O-O Nbd7 12. f3 c5 13. Rad1 b6 14. Kh1 Bb7 15.
Bb5 Rc8 16. Bxf6 Bxf6 17. Qf5 Re6 18. Nxd5 Bxd5 19. Qxd5 Nf8 20. Qb3 Rd6 21. d5
a4 22. Qc4 Bxb2 23. Bxa4 Ng6 24. f4 f5 25. Ng3 Ne7 26. Qc2 Ra8 27. Bb3 c4 28.
Qxc4 Rc8 29. Qe2 Ba3 30. e4 fxe4 31. Nxe4 Nf5 32. Nxd6 Nxd6 33. f5 Qh4 34. Qe6+
Kh8 35. f6 g5 36. f7 Ne4 37. Qxc8+ 1-0

[Event "II Aberto do Brasil de Maringa id. fide 69253 id. 
[Site "Maringa - Parana - Brasil"]
[Date "2012.08.11"]
[Round "7"]
[Board "11"]
[White "DEUS FILHO, Joaquim De"]
[Black "BUENO, Alfeu Junior Varela"]
[Result "0-1"]
[WhiteElo "2116"]
[BlackElo "2288"]
[PlyCount "74"]
[EventDate "2012.08.08"]
[EventRounds "9"]
[EventCountry "BRA"]

1. e4 e6 2. Qe2 Nf6 3. g3 d5 4. e5 Nfd7 5. Bg2 c5 6. Nf3 Nc6 7. O-O Qc7 8. Re1
Be7 9. d3 b5 10. Bf4 a5 11. Nbd2 b4 12. Nf1 Ba6 13. Ne3 Nb6 14. c3 Rd8 15. Nf1
a4 16. a3 Na5 17. cxb4 cxb4 18. Rac1 Qb7 19. axb4 Nb3 20. Rc2 Bxb4 21. Rd1 O-O
22. N1d2 Nc5 23. Nb1 Nb3 24. Nbd2 Nc5 25. Nb1 Nbd7 26. Bg5 Rc8 27. Bf1 Ne4 28.
Rdc1 Ndc5 29. Qe3 Nxg5 30. Nxg5 Nb3 31. Rxc8 Rxc8 32. Rxc8+ Qxc8 33. Qf4 Qf8
34. Nc3 a3 35. bxa3 Bxc3 36. Qa4 Nc5 37. Qc2 d4 0-1

[Event "II Aberto do Brasil de Maringa id. fide 69253 id. 
[Site "Maringa - Parana - Brasil"]
[Date "2012.08.11"]
[Round "7"]
[Board "12"]
[White "BARRETO FILHO, Carlos Alberto"]
[Black "CAMARGO, Mateus De"]
[Result "1/2-1/2"]
[WhiteElo "2279"]
[BlackElo "2109"]
[PlyCount "39"]
[EventDate "2012.08.08"]
[EventRounds "9"]
[EventCountry "BRA"]

1. c4 e5 2. Nc3 Nf6 3. Nf3 d6 4. g3 g6 5. Bg2 Bg7 6. O-O O-O 7. d3 h6 8. Rb1 a5
9. a3 c6 10. b4 axb4 11. axb4 Qc7 12. Nd2 Be6 13. Bb2 Nbd7 14. Qc2 Nh5 15. b5
f5 16. Ra1 Rxa1 17. Rxa1 Nhf6 18. bxc6 bxc6 19. Qa4 Rb8 20. Qc2 1/2-1/2

[Event "II Aberto do Brasil de Maringa id. fide 69253 id. 
[Site "Maringa - Parana - Brasil"]
[Date "2012.08.11"]
[Round "7"]
[Board "13"]
[White "BRODAY, Gabriel Renan"]
[Black "MARTINS, Carlos"]
[Result "1/2-1/2"]
[WhiteElo "2028"]
[BlackElo "2250"]
[PlyCount "26"]
[EventDate "2012.08.08"]
[EventRounds "9"]
[EventCountry "BRA"]

1. e4 e5 2. Nf3 Nc6 3. Bc4 Bc5 4. c3 Nf6 5. d3 a6 6. Bb3 O-O 7. O-O Ba7 8. Bg5
h6 9. Be3 d5 10. Bxa7 Rxa7 11. Bc2 dxe4 12. dxe4 Qe7 13. Nbd2 Be6 1/2-1/2

[Event "II Aberto do Brasil de Maringa id. fide 69253 id. 
[Site "Maringa - Parana - Brasil"]
[Date "2012.08.11"]
[Round "7"]
[Board "14"]
[White "QUINTILIANO PINTO, Renato R"]
[Black "BRODAY, Geovani Allan"]
[Result "1-0"]
[WhiteElo "2238"]
[BlackElo "1899"]
[PlyCount "63"]
[EventDate "2012.08.08"]
[EventRounds "9"]
[EventCountry "BRA"]

1. d4 Nf6 2. c4 e6 3. Nf3 b6 4. a3 Bb7 5. Nc3 d5 6. cxd5 exd5 7. Bf4 c6 8. e3
Nbd7 9. Be2 Be7 10. O-O Nh5 11. Be5 Nxe5 12. dxe5 g6 13. Nd4 Ng7 14. Qa4 Qd7
15. Rad1 O-O 16. b4 Rfd8 17. b5 c5 18. Nc6 Bxc6 19. bxc6 Qe6 20. c7 Rdc8 21.
Nxd5 Qxe5 22. Nxe7+ Qxe7 23. Bf3 Qxc7 24. Rd7 Qe5 25. Bxa8 Rxa8 26. Rxa7 Rb8
27. Ra8 Ne6 28. Rxb8+ Qxb8 29. Rb1 Nc7 30. Qc6 Ne6 31. Qxb6 Qe8 32. Qb8 1-0

[Event "II Aberto do Brasil de Maringa id. fide 69253 id. 
[Site "Maringa - Parana - Brasil"]
[Date "2012.08.11"]
[Round "7"]
[Board "15"]
[White "CARNEIRO, Vitor Roberto Castro"]
[Black "RIOS FILHO, Hilton Carlos"]
[Result "1-0"]
[WhiteElo "2002"]
[BlackElo "2212"]
[PlyCount "69"]
[EventDate "2012.08.08"]
[EventRounds "9"]
[EventCountry "BRA"]

1. c4 Nf6 2. Nc3 d5 3. cxd5 Nxd5 4. g3 g6 5. Bg2 Nb6 6. Nf3 Bg7 7. O-O O-O 8.
d3 Nc6 9. Be3 e5 10. Rc1 Nd4 11. Ne4 c6 12. Nxd4 exd4 13. Bg5 f6 14. Bd2 Nd5
15. b4 a6 16. a4 Rf7 17. b5 axb5 18. axb5 cxb5 19. Qb3 Nc7 20. Nc5 Ra7 21. Bf4
b6 22. Nb7 Bxb7 23. Rxc7 Qxc7 24. Bxc7 Bxg2 25. Kxg2 Raxc7 26. Qxb5 Rb7 27. Qd5
f5 28. Rb1 Bf6 29. Qd6 b5 30. Qc5 Be7 31. Qxd4 b4 32. Qc4 Bf8 33. d4 Kg7 34. d5
Rfc7 35. Qd4+ 1-0

[Event "II Aberto do Brasil de Maringa id. fide 69253 id. 
[Site "Maringa - Parana - Brasil"]
[Date "2012.08.11"]
[Round "7"]
[Board "16"]
[White "OSIPI, Jair"]
[Black "RIBEIRO , Allysson"]
[Result "1-0"]
[WhiteElo "2204"]
[BlackElo "1800"]
[PlyCount "63"]
[EventDate "2012.08.08"]
[EventRounds "9"]
[EventCountry "BRA"]

1. d4 Nf6 2. Nf3 e6 3. g3 c5 4. Bg2 d5 5. O-O Nc6 6. b3 cxd4 7. Nxd4 e5 8. Nxc6
bxc6 9. c4 Bc5 10. Bb2 Qd6 11. Nc3 d4 12. Na4 a5 13. Nxc5 Qxc5 14. Qc1 Qd6 15.
Ba3 Qe6 16. Qg5 g6 17. f4 e4 18. Qe5 Bb7 19. Qxd4 a4 20. Bb2 Ke7 21. Qc5+ Kd7
22. f5 Qe7 23. Qd4+ Nd5 24. cxd5 cxd5 25. Qb6 Rhb8 26. Rac1 Qd6 27. Qxd6+ Kxd6
28. fxg6 fxg6 29. Rf6+ Ke7 30. Rc7+ Ke8 31. Ba3 Kd8 32. Rd7+ 1-0

[Event "II Aberto do Brasil de Maringa id. fide 69253 id. 
[Site "Maringa - Parana - Brasil"]
[Date "2012.08.11"]
[Round "7"]
[Board "18"]
[White "TAVARES, Imyra Cecilia"]
[Black "ARANHA FILHO, Alvaro Z"]
[Result "0-1"]
[WhiteElo "1929"]
[BlackElo "2292"]
[PlyCount "84"]
[EventDate "2012.08.08"]
[EventRounds "9"]
[EventCountry "BRA"]

1. e4 c6 2. d4 d5 3. exd5 cxd5 4. c4 Nf6 5. Nc3 g6 6. Bf4 Bg7 7. Bd3 O-O 8.
Nge2 Nc6 9. a3 b6 10. O-O Bb7 11. Rc1 Rc8 12. b3 dxc4 13. Bxc4 Na5 14. Bd3 Nd5
15. Be5 Bh6 16. Rc2 Nxc3 17. Rxc3 Qd5 18. f3 Rxc3 19. Nxc3 Qxb3 20. Qxb3 Nxb3
21. d5 Rc8 22. Nb5 a6 23. Nc7 Bg7 24. Bg3 b5 25. Re1 Bd4+ 26. Kh1 Bf6 27. d6
exd6 28. Bxd6 Rd8 29. Re8+ Rxe8 30. Nxe8 Bd4 31. Bc2 Nd2 32. a4 Nxf3 33. h3 Ne1
34. Bb3 Bxg2+ 35. Kh2 Bc6 36. Nc7 bxa4 37. Bc4 Nf3+ 38. Kg3 Be5+ 39. Bxe5 Nxe5
40. Ba2 a5 41. Na6 Nd3 42. h4 Nc1 0-1

[Event "II Aberto do Brasil de Maringa id. fide 69253 id. 
[Site "Maringa - Parana - Brasil"]
[Date "2012.08.11"]
[Round "7"]
[Board "19"]
[White "DIAS, Anderson Tatsch"]
[Black "HILLE, Waltercler"]
[Result "1-0"]
[WhiteElo "2243"]
[BlackElo "1906"]
[PlyCount "87"]
[EventDate "2012.08.08"]
[EventRounds "9"]
[EventCountry "BRA"]

1. d4 Nf6 2. c4 g6 3. Nc3 d5 4. cxd5 Nxd5 5. Bd2 Bg7 6. e4 Nxc3 7. Bxc3 c5 8.
d5 Bxc3+ 9. bxc3 Qa5 10. Qd2 O-O 11. c4 Qxd2+ 12. Kxd2 Rd8 13. Kc3 a6 14. Nf3
Bd7 15. Bd3 Ra7 16. Rhb1 Be8 17. Rb2 Nd7 18. Rab1 b6 19. Ng1 Rb7 20. a4 a5 21.
Bc2 Ra8 22. f4 Rab8 23. Nf3 Kg7 24. e5 Nf8 25. Nd2 h6 26. Ne4 Bd7 27. Nxc5 Ra7
28. Rxb6 Rc8 29. Na6 Be8 30. Rb8 Bd7 31. Rxc8 Bxc8 32. Nc5 Rc7 33. Rb5 Bd7 34.
Rxa5 Bg4 35. d6 exd6 36. exd6 Rc6 37. Ne4 Bf5 38. c5 Ne6 39. g3 Nf8 40. Nd2 Nd7
41. Nb3 Bxc2 42. Kxc2 Kf6 43. Kc3 Nb6 44. Kb4 1-0